<?xml version="1.0" encoding="UTF-8"?>
<marc:record xmlns:marc="http://www.loc.gov/MARC21/slim">
   <marc:leader>00000nam a2200000 a 4500</marc:leader>
   <marc:datafield ind1="1" ind2=" " tag="100">
      <marc:subfield code="a">Langen, Annette</marc:subfield>
      <marc:subfield code="4">aut</marc:subfield>
      <marc:subfield code="e">Verfasser/-in</marc:subfield>
   </marc:datafield>
   <marc:datafield ind1=" " ind2=" " tag="653">
      <marc:subfield code="a">Kinderbuch</marc:subfield>
   </marc:datafield>
   <marc:datafield ind1=" " ind2=" " tag="653">
      <marc:subfield code="a">Kinderbücher bis 11 Jahre</marc:subfield>
   </marc:datafield>
   <marc:datafield ind1="0" ind2="0" tag="245">
      <marc:subfield code="a">Huuu-Berta</marc:subfield>
   </marc:datafield>
   <marc:datafield ind1="0" ind2="0" tag="245">
      <marc:subfield code="b">das kleinste Gespenst von allen</marc:subfield>
   </marc:datafield>
   <marc:datafield ind1="0" ind2="0" tag="245">
      <marc:subfield code="c">Langen, Annette</marc:subfield>
   </marc:datafield>
   <marc:datafield ind1=" " ind2="1" tag="264">
      <marc:subfield code="a">Köln</marc:subfield>
      <marc:subfield code="b">Boje</marc:subfield>
   </marc:datafield>
   <marc:datafield ind1="1" ind2=" " tag="490">
      <marc:subfield code="a">Vorlesen!</marc:subfield>
   </marc:datafield>
   <marc:datafield ind1="1" ind2=" " tag="520">
      <marc:subfield code="a">Das klein(st)e Gespenst Huuu-Berta ist nominiert für den Deutschen Kinderbuchpreis 2023!&#xD;
&#xD;
&#xD;
Denkst du auch, dass Gespenster in Burgruinen wohnen und unter weißen Bettlaken umherfliegen? Ich sage es dir gleich: Damit liegst du völlig falsch. Ein Gespenst zieht an, was es schick findet, und wohnt am liebsten dort, wo es schön staubig ist. So auch Huuu-Berta. Sie ist die Allerkleinste in ihrer Familie. Das hat einen Grund: Denn Gespenster wachsen, wenn sie Menschen vergruseln, und das ist so gar nichts für Huuu-Berta. Aber nun fehlt in ihrem Gespenster-Ausweis genau dieser Punkt. Am besten lest ihr selbst, wie sie es schafft, im wahrsten Sinne, über sich hinauszuwachsen.&#xD;
&#xD;
Ein besonderes Buch mit vielen Extras:&#xD;
&#xD;
- Einfühlsam, lustig und auf Augenhöhe der Kinder erzählt von "Dein SPIEGEL-Bestseller-Autorin" Annette Langen (BRIEFE VON FELIX)&#xD;
&#xD;
- Viele bunte Bilder von Sabine Sauter, die zum Entdecken und Staunen einladen&#xD;
&#xD;
- Die Kapitel haben eine ideale Vorlese-Länge (ca. 6-8 Minuten), z. B. vor dem Einschlafen, oder wenn Kinder das Buch selbst lesen&#xD;
&#xD;
- Mit Lesebändchen und lustigem Anhang: Bist du bereit für dein Gruselchen?, Gespenster-Rezepte u.v.m.&#xD;
&#xD;
- Pädagogisch wertvoll: vermittelt wichtige Werte, stärkt das Selbstvertrauen der Kinder, tritt gegen Mobbing ein, ermutigt sie und nimmt Kindern die Angst vor Gespenstern und der Dunkelheit&#xD;
&#xD;
- Erste Leseförderung: Die beigelegten Sticker können vorn ins Buch geklebt werden, um den gemeinsamen Lesefortschritt sichtbar zu machen&#xD;
&#xD;
- Auch für die Schule geeignet: ein Quiz bei Antolin als Extra-Motivation für Selbstleser:innen!&#xD;
&#xD;
- Ein wunderschönes Geschenk für Kinder ab 5 Jahren</marc:subfield>
   </marc:datafield>
   <marc:datafield ind1=" " ind2=" " tag="020">
      <marc:subfield code="a">9783414826855</marc:subfield>
      <marc:subfield code="9">9783414826855</marc:subfield>
   </marc:datafield>
   <marc:datafield ind1=" " ind2=" " tag="020">
      <marc:subfield code="a">3414826852</marc:subfield>
      <marc:subfield code="9">3414826852</marc:subfield>
   </marc:datafield>
   <marc:datafield ind1=" " ind2=" " tag="041">
      <marc:subfield code="a">ger</marc:subfield>
   </marc:datafield>
   <marc:datafield ind1=" " ind2=" " tag="300">
      <marc:subfield code="b">Illustrationen</marc:subfield>
   </marc:datafield>
   <marc:datafield ind1="1" ind2=" " tag="521">
      <marc:subfield code="a">Kind</marc:subfield>
   </marc:datafield>
   <marc:datafield ind1=" " ind2=" " tag="338">
      <marc:subfield code="a">Band</marc:subfield>
   </marc:datafield>
   <marc:datafield ind1=" " ind2=" " tag="300">
      <marc:subfield code="a">124 Seiten</marc:subfield>
   </marc:datafield>
</marc:record>
